Мянган эрийн сэтгэлийг булаасан бүсгүй (Бичлэгийн дугаар. 1147903)

MARC дэлгэрэнгүй
000 -Удирдлага
Ном зүйн бүртгэл тоо буюу кодлох утгыг агуулсан 00847nam a22002417a 4500
008 - ЕРӨНХИЙ МЭДЭЭЛЭЛ-ЭЛЕМЕНТҮҮДИЙН ӨГӨГДЛИЙН УРТ
fixed length control field 240821b mp ||||| |||| 00| 0 mon d
040 ## - ЭХ СУРВАЛЖИЙГ ТОДОРХОЙЛОН БИЧИХ
Анхны каталогийн байгууллага SE0153081
Каталогийн хэл Монгол
Бичлэг хийж нэвтрүүлэх байгууллага MN-UlNLM
Өөрчлүүлэх байгууллага MN-UlNLM
Бичиглэлийн тодорхойлолт rda
041 ## - ХЭЛНИЙ КОД
Текстийн хэлний код/фонограм буюу салангид гарчиг Монгол
084 ## - БУСАД АНГИЛЛЫН ДУГААР
Ангиллын нэр Номын сан номзүйн ангилал
Анги 84/5Энэт/
Зохиогчийн 3-н тэмдэгт Ч-205
100 ## - ЗОХИОГЧИЙН ХЭСЭГ
Зохиогчийн нэр Чандар К.
245 #0 - ҮНДСЭН ГАРЧИГ
Гарчиг Мянган эрийн сэтгэлийг булаасан бүсгүй
245 #0 - ҮНДСЭН ГАРЧИГ
Гарчигт хамааралтай мэдээ 0
245 #0 - ҮНДСЭН ГАРЧИГ
Оролцогчдын тухай мэдээ Орч. С.Пүрэвжав; Ред. Ш.Цэрэнрагчаа
264 ## - ГАРАЛТЫН МЭДЭЭ
Хэвлэгдсэн газар УБ
Бүтээгч, хэвлэгч, түгээгч, үйлдвэрлэгчийн нэр УХГ
Хэвлэгдсэн он 1969
300 ## - ТООНЫ МЭДЭЭ
Хуудасны тоо 116х
336 ## - АГУУЛГЫН ТӨРӨЛ
Нөөц rdacontent
Агуулгын төрлийн нөхцөл text
Агуулгын төрлийн код txt
337 ## - MEDIA TYPE
Эх сурвалж rdamedia
Файлын төрөл unmediated
Файлын код n
338 ## - CARRIER TYPE
Source rdacarrier
Carrier type term volume
Carrier type code nc
505 ## - FORMATTED CONTENTS NOTE
Title Чандар; Мянган эрийн сэтгэлийг булаасан бүсгүй; Пүрэвжав; Цэрэнрагчаа
942 ## - ЭЛЕМЕНТИЙН ТӨРӨЛ
Төрөл Ном
Захиалгууд
Буцаан татагдсан төлөв Хасагдсан шалтгаан Гэмтсэн төлөв Данс заагч Захиалах боломжгүй Үндсэн номын сан Одоогийн байршил Салбар танхим Сан хөмрөг 5 Бүртгэсэн огноо Тавиурын заалт Дансны дугаар Баркод Үнэ Хамгийн сүүлд байсан огноо Нийт уншлаганд гарсан тоо Төрөл
          Сэлэнгэ мандал Сэлэнгэ мандал Сэлэнгэ мандал | ҮФ Сэлэнгэ мандал | ҮФ 2024-11-12 84/5Энэт/ Ч-205 1007951 SE0151007951 165.00 2024-11-12   Ном